Introducción a la computación /

Uloženo v:
Podrobná bibliografie
Hlavní autor: Duro Carralero, Natividad (autor)
Další autoři: Jiménez González, José (autor) (autor)
Médium: Kniha
Jazyk:španělština
Vydáno: Madrid, España : Sasnz y Torres,, 2001, c2001
Témata:
Tagy: Přidat tag
Žádné tagy, Buďte první, kdo vytvoří štítek k tomuto záznamu!

MARC

LEADER 00000nam^a2200000^a^4500
001 000162570
005 20250521000000.0
009 20260310100836.64
020 |a 84-88667-78-7 
037 |a Acervo ITESO - Biblioteca 
041 |a ESP 
082 |a 004. 0151  |b DUR 
100 |a Duro Carralero, Natividad  |e (autor) 
245 1 0 |a Introducción a la computación /  |c N. Duro Carralero, J. Jiménez González. 
264 4 |a Madrid, España :  |b Sasnz y Torres,,  |c 2001, c2001 
300 |a VIII, 251 p. 
336 |a texto  |b txt  |2 rdacontenido 
337 |a sin mediación  |b n  |2 rdamedio 
338 |a volumen  |b nc  |2 rdasoporte 
649 |a XX 
650 |a Proceso Electrónico de Datos 
650 |a Sistemas de Información 
650 |a Análisis Numérico 
650 |a Modelos Matemáticos 
650 |a Matemáticas de Ingeniería 
650 |a Ingeniería Computacional 
700 |a Jiménez González, José  |e (autor) 
910 |a Fondo General 
920 |a Impresos - Libros 
930 |a Colección General 
905 |a 101 
901 |a 0500095596  |b IT1  |c ACC  |u 20250521 
902 |a https://opac.biblio.iteso.mx/vufind/Record/000162570